000 00898nas a2200241 454500
001 25561
005 20260407193506.0
008 260407s1979####ag###########|||spa#d
003 AR-UNSa-BCEJYS
040 _aAR-UNSa-BCEJYS
_bspa
_cAR-UNSa-BCEJYS
080 _a339.7
_xFinanzas Internacionales
245 1 0 _aInternational financial statistics
_nEstadisticas Financieras Internacionales
_panuario
264 1 _aWashington :
_bFondo Monetario Internacional
_c1979
310 _aFrecuencia: Anual
942 _cSER
590 _aniveau_biblio:s niveau_hierar:1
100 1 _aFondo Monetario Internacional
700 1 _aDannemann, Werner
650 _aSistema monetario internacional
650 _aEstadísticas financieras
650 _aFINANZAS INTERNACIONALES
856 4 1 _uhttps://biblioeco.unsa.edu.ar/pmb/images/revistas/Estadistica Financieras Internacionales.jpg
_yImagen de portada
_qimage/jpeg
999 _c8591
_d8591